Report on the survey and settlement of Dasapalla Feudatory State during the years, 1917-1921. (Record no. 81298)

MARC details
000 -LEADER
fixed length control field 00774cam a22002411a 4500
001 - CONTROL NUMBER
control field sa 68006390
003 - CONTROL NUMBER IDENTIFIER
control field DLC
005 - DATE AND TIME OF LATEST TRANSACTION
control field 20260227112516.0
008 - FIXED-LENGTH DATA ELEMENTS--GENERAL INFORMATION
fixed length control field 861121s1962 ii 000 0 eng
010 ## - LIBRARY OF CONGRESS CONTROL NUMBER
LC control number sa 68006390
025 ## - OVERSEAS ACQUISITION NUMBER
Overseas acquisition number PL480:I-E-8561
035 ## - SYSTEM CONTROL NUMBER
System control number (OCoLC)14816719
040 ## - CATALOGING SOURCE
Original cataloging agency DLC
Transcribing agency WaU
Modifying agency WaU
-- DLC
042 ## - AUTHENTICATION CODE
Authentication code premarc
043 ## - GEOGRAPHIC AREA CODE
Geographic area code a-ii---
050 00 - LIBRARY OF CONGRESS CALL NUMBER
Classification number HJ4387.D37
Item number A55
110 1# - MAIN ENTRY--CORPORATE NAME
Corporate name or jurisdiction name as entry element Dasapalla (India : State)
245 10 - TITLE STATEMENT
Title Report on the survey and settlement of Dasapalla Feudatory State during the years, 1917-1921.
260 ## - PUBLICATION, DISTRIBUTION, ETC.
Place of publication, distribution, etc. Berhampur [Orissa]
Name of publisher, distributor, etc. Printed at Sarada Press,
Date of publication, distribution, etc. 1962.
300 ## - PHYSICAL DESCRIPTION
Extent iii, 87 p.
Dimensions 33 cm.
650 #0 - SUBJECT ADDED ENTRY--TOPICAL TERM
Topical term or geographic name entry element Land value taxation
Geographic subdivision India
-- Dasapalla (State)
650 #0 - SUBJECT ADDED ENTRY--TOPICAL TERM
Topical term or geographic name entry element Agriculture
General subdivision Economic aspects
Geographic subdivision India
-- Dasapalla (State)

No items available.

Powered by Koha